| 000 | 02057cam a22003731i 4500 | ||
|---|---|---|---|
| 003 | SA-RiAUC | ||
| 005 | 20250521053156.0 | ||
| 008 | 250520s2002 mr g b f000 0 ara c | ||
| 020 | _a9981590711 | ||
| 040 |
_aSA-JeALM _bara _cSA-RiAUC _erda |
||
| 082 | 0 | 4 |
_a212 _qSA-RiAUC |
| 090 |
_a212 _bح ك ي |
||
| 100 | 1 |
_aالحكيم الترمذي، محمد بن علي بن الحسن، _dتوفي حوالي 320 هجري _eمؤلف. |
|
| 245 | 1 | 0 |
_aمنازل القربة / _cأبو عبد الله محمد بن علي الحكيم الترمذي ؛ تحقيق خالد زهري. |
| 250 | _aالطبعة الأولى. | ||
| 264 | 1 |
_aالرباط : _bجامعة محمد الخامس، كلية الآداب والعلوم الإنسانية، _c2002 |
|
| 300 |
_a299 صفحة ؛ _c24 سم. |
||
| 336 |
_aنص _btxt _2rdacontent _3كتاب |
||
| 337 |
_aبدون وسيط _bn _2rdamedia |
||
| 338 |
_aمجلد _bnc _2rdacarrier |
||
| 490 | 1 |
_aمنشورات كلية الآداب والعلوم الإنسانية بالرباط. _aسلسلة نصوص ووثائق ؛ _v3 |
|
| 500 | _aطبع هذا الكتاب بدعم من برنامج التعاون بين كلية الآداب ومؤسسة كونرادادناور. | ||
| 500 | _aاهداء من المحقق خالد زهري الى الشيخ رحمه الله بتاريخ 21 / شوال / 1428 هـ | ||
| 504 | _aببليوجرافية : صفحة 179-200. | ||
| 650 | 7 |
_aالأخلاق الإسلامية _2aucsh |
|
| 650 | 7 |
_aعلم الكلام _2aucsh |
|
| 650 | 7 |
_aالتصوف الإسلامي _2aucsh |
|
| 650 | 7 |
_aالحكيمية (طرق صوفية) _2aucsh |
|
| 700 | 1 |
_aزهري، خالد _eمحقق. |
|
| 700 | 1 | 2 |
_iتحقيق (عمل) : _aالحكيم الترمذي، محمد بن علي بن الحسن، _dتوفي حوالي 320 هجري _tمنازل القربة |
| 830 | 0 |
_aمنشورات كلية الآداب والعلوم الإنسانية بالرباط. _pسلسلة نصوص ووثائق _v3 |
|
| 942 |
_2ddc _cBOOK _n0 |
||
| 949 |
_aSA-JeALM _d250520 _uosman123 _n1 |
||
| 999 |
_c8174 _d8174 |
||